Dirección de marketing : la edición del milenio /
Guardado en:
| Autor Principal: | |
|---|---|
| Formato: | Libro |
| Idioma: | Spanish English |
| Publicado: |
México :
Pearson Educación,
c2001.
|
| Materias: | |
| Etiquetas: |
Agregar Etiqueta
Sin Etiquetas, Sea el primero en etiquetar este registro!
|
| LEADER | 01174nam a22002655a 4500 | ||
|---|---|---|---|
| 001 | EAD.ead000970 | ||
| 008 | 070917s2001####mx#a#####b####001#0#spa#d | ||
| 005 | 20190215125131.0 | ||
| 245 | 1 | 0 | |a Dirección de marketing : |b la edición del milenio / |c Philip Kotler ; traducción: Roberto L. Escalona García ; revisión técnica: Javier Cervantes González. |
| 260 | |a México : |b Pearson Educación, |c c2001. | ||
| 300 | |a xxxi, 718, 37 p. : |b il. ; |c 25 cm. | ||
| 500 | |a "Las empresas deben ver el milenio como una oportunidad de oro para hacer crecer su participación en las mentes y en los corazones"--Portada. | ||
| 500 | |a Traducción de: Marketing management: analysis, planning, implementation, and control. | ||
| 504 | |a Incluye referencias bibliográficas e índices. | ||
| 020 | |a 9684444222 | ||
| 100 | 1 | |a Kotler, Philip. | |
| 082 | 0 | 4 | |a 658.83 |2 21 |
| 650 | 7 | |a Marketing. |2 isoc | |
| 650 | 7 | |a Investigación de mercados. |2 unbist | |
| 650 | 7 | |a Canales de distribución. |2 isoc | |
| 650 | 7 | |a Ventas. |2 unbist | |
| 650 | 7 | |a Publicidad. |2 unbist | |
| 650 | 7 | |a Marketing directo. |2 isoc | |
| 041 | 1 | |a spa |h eng | |
| 859 | |a AR-BaBDC |b BIB. ADMINISTRACION - Libros |h 658.83 |i K848-5 |p b04539 | ||
